| 000 | 00818nam a22002537a 4500 | ||
|---|---|---|---|
| 999 |
_c412710 _d412710 |
||
| 001 | 125493 | ||
| 003 | UA-OsUOA | ||
| 005 | 20191220114752.0 | ||
| 007 | ta | ||
| 008 | 20170918b un ||||| |||| 00| 0 ukr d | ||
| 020 | _a5-308-00085-9 | ||
| 040 |
_aUA-OsUOA _bukr _cUA-OsUOA _dUA-OsUOA |
||
| 041 | _aukr | ||
| 080 | _a821.161.2 | ||
| 090 |
_a821.161.2 _bК71 |
||
| 100 | _aКосинка Г. | ||
| 245 |
_aГармонія: оповідання, публіцистика, спогади про Григорія Косинку _cупоряд.Т.Мороз-Стрілець |
||
| 260 |
_aК. _bДніпро _c1988 |
||
| 300 | _a605 с. | ||
| 650 | 7 |
_a82 Література. Літературознавство _2UDC |
|
| 942 |
_cBK _2udc |
||
| 955 | _a3 | ||